LDR 00923naa#a2200181#i#450# 001 RU\\bibl\118684 005 20260514084129.4 011 ## _a1994-4683 100 ## _a20230428b2023####ek#y0rusy0150####ca 102 ## _aRU 200 1# _aОПЫТ ПРОВЕДЕНИЯ ЗАНЯТИЙ "НЕТРАДИЦИОННЫЕ МЕТОДЫ ФИЗИЧЕСКОЙ КУЛЬТУРЫ" ОНЛАЙН В ФИЗКУЛЬТУРНОМ ВУЗЕ _eЖурнальная статья 210 1# _aМосква _cНациональный государственный Университет физической культуры, спорта и здоровья им. П.Ф. Лесгафта _d2023 215 ## _a5 с. 608 ## _aЖурнальная статья _2local 675 ## _aМетоды обучения. Формы преподавания. 378.147 _z 700 #1 _aДолматов _gА В 700 #1 _aДолматова _gТ И 856 4# _auchzapiski.lesgaft.spb.ru _u